<?xml version="1.0" encoding="UTF-8"?>
<record
    xmlns:xsi="http://www.w3.org/2001/XMLSchema-instance"
    xsi:schemaLocation="http://www.loc.gov/MARC21/slim http://www.loc.gov/standards/marcxml/schema/MARC21slim.xsd"
    xmlns="http://www.loc.gov/MARC21/slim">

  <leader>00749nab a2200217 uc4500</leader>
  <controlfield tag="001">670638</controlfield>
  <controlfield tag="005">20241213091041.0</controlfield>
  <controlfield tag="008">010621e20000701                    spa  </controlfield>
  <datafield tag="035" ind1=" " ind2=" ">
    <subfield code="a">670638</subfield>
  </datafield>
  <datafield tag="035" ind1=" " ind2=" ">
    <subfield code="a">(OCoLC)819909682</subfield>
  </datafield>
  <datafield tag="040" ind1=" " ind2=" ">
    <subfield code="c">comduadb</subfield>
  </datafield>
  <datafield tag="041" ind1=" " ind2=" ">
    <subfield code="a">spa</subfield>
  </datafield>
  <datafield tag="100" ind1="1" ind2="0">
    <subfield code="a">Celis Beltran, Arturo</subfield>
    <subfield code="4">aut</subfield>
    <subfield code="e">aut</subfield>
    <subfield code="9">338048</subfield>
  </datafield>
  <datafield tag="245" ind1="1" ind2="0">
    <subfield code="a">Estudio acustico comparativo entre el flap D del ingles y la vibrante simple R del espanol</subfield>
  </datafield>
  <datafield tag="650" ind1=" " ind2="7">
    <subfield code="a">Fon&#xE9;tica</subfield>
    <subfield code="2">embne</subfield>
    <subfield code="9">33426</subfield>
  </datafield>
  <datafield tag="650" ind1=" " ind2=" ">
    <subfield code="a">Fon&#xE9;tica ac&#xFA;stica</subfield>
    <subfield code="9">82757</subfield>
  </datafield>
  <datafield tag="650" ind1=" " ind2=" ">
    <subfield code="a">Ondas sonoras</subfield>
    <subfield code="9">175830</subfield>
  </datafield>
  <datafield tag="650" ind1=" " ind2=" ">
    <subfield code="a">Ense&#xF1;anza de una segunda lengua</subfield>
    <subfield code="9">59332</subfield>
  </datafield>
  <datafield tag="773" ind1="0" ind2=" ">
    <subfield code="t">Revista Universidad del Quind&#xED;o (Armenia)</subfield>
    <subfield code="g">Vol. 02, No. 06, Jul.-Dic. 2000, p. 53-60</subfield>
    <subfield code="w">184324</subfield>
    <subfield code="x">0121-7917</subfield>
    <subfield code="0">84521</subfield>
  </datafield>
  <datafield tag="942" ind1=" " ind2=" ">
    <subfield code="c">ARIMP</subfield>
  </datafield>
  <datafield tag="999" ind1=" " ind2=" ">
    <subfield code="c">198161</subfield>
    <subfield code="d">198161</subfield>
  </datafield>
</record>
